| 000 | 00580nam a2200217 i 4500 | ||
|---|---|---|---|
| 001 | 63992 | ||
| 003 | ES-MaACL | ||
| 005 | 20250804054023.0 | ||
| 007 | t| | ||
| 008 | 031218s1970 sp ||||1| spa d | ||
| 080 | _a248.12 | ||
| 080 | _a241.535 | ||
| 100 | 1 |
_aFirkel, Eva. _950954 |
|
| 245 | 1 | 3 |
_aLa vocación cristiana del seglar / _cEva Firkel. |
| 260 |
_aBarcelona : _bHerder, _c1970. |
||
| 300 |
_a197 p. ; _c20 cm. |
||
| 650 | 7 |
_aVida cristiana _2embne _917790 |
|
| 650 | 4 |
_aApostolado seglar _99923 |
|
| 852 | 4 |
_aES-MaACL _jC-50066 |
|
| 999 |
_c63992 _d63992 |
||